Pengurusan sumber manusia : (Record no. 3122)

000 -LEADER
fixed length control field nam a22 a 4500
003 - CONTROL NUMBER IDENTIFIER
control field AKMAL
005 - DATE AND TIME OF LATEST TRANSACTION
control field 20170519115804.0
008 - FIXED-LENGTH DATA ELEMENTS--GENERAL INFORMATION
fixed length control field 070518s2008 my | g | a001 0 may
020 ## - INTERNATIONAL STANDARD BOOK NUMBER
International Standard Book Number 9836297103 (kkt.)
020 ## - INTERNATIONAL STANDARD BOOK NUMBER
International Standard Book Number 9789836297105 (kkt.) :
Terms of availability RM25.00
040 ## - CATALOGING SOURCE
Original cataloging agency AKMAL
Transcribing agency AKMAL
082 04 - DEWEY DECIMAL CLASSIFICATION NUMBER
Classification number 658.3 IBR
Edition number 22
090 00 - LOCALLY ASSIGNED LC-TYPE CALL NUMBER (OCLC); LOCAL CALL NUMBER (RLIN)
Classification number (OCLC) (R) ; Classification number, CALL (RLIN) (NR) 658.3
Local cutter number (OCLC) ; Book number/undivided call number, CALL (RLIN) IBR
100 0# - MAIN ENTRY--PERSONAL NAME
Personal name Ibrahim Mamat
9 (RLIN) 6466
245 10 - TITLE STATEMENT
Title Pengurusan sumber manusia :
Remainder of title perspektif modal insan /
Statement of responsibility, etc. Ibrahim Mamat, Zaiton Hassan
260 ## - PUBLICATION, DISTRIBUTION, ETC.
Place of publication, distribution, etc. Kuala Lumpur :
Name of publisher, distributor, etc. Dewan Bahasa dan Pustaka,
Date of publication, distribution, etc. 2008
300 ## - PHYSICAL DESCRIPTION
Extent xvii, 277ms. ;
Dimensions 21cm.
500 ## - GENERAL NOTE
General note Mengandungi indeks
504 ## - BIBLIOGRAPHY, ETC. NOTE
Bibliography, etc. note Bibliografi: ms. 237-251
650 10 - SUBJECT ADDED ENTRY--TOPICAL TERM
Topical term or geographic name entry element Personnel management
9 (RLIN) 602
650 20 - SUBJECT ADDED ENTRY--TOPICAL TERM
Topical term or geographic name entry element Human capital
9 (RLIN) 6467
700 0# - ADDED ENTRY--PERSONAL NAME
Personal name Zaiton Hassan
9 (RLIN) 6468
942 ## - ADDED ENTRY ELEMENTS (KOHA)
Source of classification or shelving scheme
Koha item type Book
Holdings
Withdrawn status Lost status Source of classification or shelving scheme Damaged status Not for loan Collection code Home library Current library Shelving location Date acquired Inventory number Total Checkouts Full call number Barcode Date last seen Price effective from Koha item type Date last checked out
          NON-FICTION AKMAL Melaka AKMAL Melaka PINJAMAN 19.05.2017 602509   658.3 IBR 201704012 19.05.2017 19.05.2017 Book  
          NON-FICTION AKMAL Melaka AKMAL Melaka PINJAMAN 19.05.2017 602488 1 658.3 IBR 201704013 31.03.2019 19.05.2017 Book 27.03.2019
Pusat Sumber Maklumat Dato' Haji Sarmin Md Hussin, Akademi Kastam Diraja Malaysia, Melaka
Tel: 06-2331106 | Faks: 06-2313787